00554nam a2200205Ia 4500003000400000005001700004008004100021020001500062040001800077041000800095082002100103100001800124245005200142250001200194260005700206300001800263650002800281650001900309650002000328OSt20230802151009.0210716s1999 xx 000 0 und d a8120315227 cAIMIT LIBRARY aeng a005.43 21bWAGB aWagner, Bill. aComplee idiots guide to unix /cBy Bill Wagner. a1st ed. aNew Delhi :bPrentice Hall of India PVt Ltd ,c1999. axviii,396 p.; aWorking in the unix gui aNuts and bolts aUnixs net worth